[Event "RUS-chT"]
[Site "Sochi"]
[Date "2004.04.21"]
[Round "2.3"]
[White "Kharlov, Andrei"]
[Black "Frolov, Denis"]
[Result "1-0"]
[WhiteElo "2593"]
[BlackElo "2401"]
[Annotator "Huzman"]
[PlyCount "83"]
[EventDate "2004.04.20"]
[EventType "team"]
[EventRounds "9"]
[EventCountry "RUS"]
[SourceTitle "CBM 101"]
[Source "ChessBase"]
[SourceDate "2004.07.27"]
[SourceVersion "1"]
[SourceVersionDate "2004.07.27"]
[SourceQuality "1"]
[WhiteTeam "04"]
[BlackTeam "10"]
[WhiteTeamCountry "RUS"]
[BlackTeamCountry "RUS"]

1. Nf3 {Kortschnoj} d5 2. d4 Nf6 3. c4 c6 4. Qc2 dxc4 5. Qxc4 Bf5 6. Nc3 Nbd7
7. g3 e6 8. Bg2 Be7 9. O-O O-O 10. a4 {'!?' Kortschnoj. Kortschnoj: 'This move,
instead of the "theoretical" 10.e3 had been played by Kharlov quite a number
of times, always getting a slight advantage for white.'} a5 {Kortschnoj: 'The
most solid reply - black will eventually have the square b4 in his possession.'
} (10... Ne4 11. a5 Nxc3 (11... c5 12. Rd1 Rc8 13. Qb5 Nxc3 14. bxc3 Be4 15.
Bf4 Bc6 16. Qb2 cxd4 17. cxd4 Be4 18. Ne1 Bxg2 19. Kxg2 b6 20. axb6 axb6 21. e4
$14 {1-0 Araque,R-Lopez,C/Cali 2001/CBM 83 ext (51)}) 12. bxc3 Be4 13. Nd2 (13.
Bh3 c5 14. Nd2 Bc6 (14... Bd5 15. Qd3 Bc6 16. e4 a6 17. Rd1 cxd4 18. cxd4 Bb5
19. Qe3 Rc8 20. Ba3 Bxa3 21. Rxa3 Qe7 $132 {0-1 Beil,Z-Tolstikh,N/Decin 1996/
CBM 53 ext (41)}) 15. e4 cxd4 16. cxd4 Rc8 17. Qe2 a6 18. Rd1 Bb5 19. Qe3 Bb4
20. Bb2 Bxa5 $17 {0-1 Abdel Razik,K-Dominguez,L/Istanbul 2000/EXT 2001 (48)})
13... Bxg2 14. Kxg2 Qc7 (14... c5 15. Nf3 Qc7 16. e4 Rac8 $6 (16... Nf6 $5 {>=}
17. Re1 Rfd8 18. Bf4 Qc8 $1 $11) 17. d5 (17. Bf4 $1 $14) 17... exd5 18. exd5
Bd6 $11 {1-0 Rashkovsky,N-Bagirov,V/Kusadasi 1990/Inf 49/[Bagirov,V] (38)}) 15.
Nf3 b5 16. axb6 axb6 17. Bg5 Bxg5 18. Nxg5 Qb7 $11 {1/2-1/2 Rashkovsky,
N-Bagirov,V/Moscow 1991/URS-ch (30)}) (10... Qa5 11. Bf4 Rfd8 12. Rfd1 Rac8 13.
Qb3 Qb4 14. Qxb4 Bxb4 $11 {1-0 Hrubant,I-Svatos,J/Prague 1994/EXT 97 (37)}) (
10... h6 11. a5 a6 12. Qb3 Qc8 13. Nd2 e5 14. d5 Nc5 15. Qa2 Bh3 16. Nc4 Bxg2
17. Kxg2 Qc7 18. Nb6 Rad8 $11 {1/2-1/2 Timmer,R-Lieb,H/Bern 1994/TD (49)}) (
10... c5 11. a5 Rc8 12. d5 (12. Qb5 $5) 12... exd5 $6 (12... b5 $3 $11) 13.
Nxd5 Be6 14. e4 Bxd5 15. exd5 $14 {1/2-1/2 Rashkovsky,N-Riazantsev,A/St
Petersburg 1999/CBM 74/[Hecht] (60)}) (10... Rc8 11. a5 Ne4 12. Qb3 b6 13. axb6
axb6 14. Ra7 $14 {1/2-1/2 Zayac,E-Danielian,E/Varna 2002/CBM 88 ext (39)}) 11.
e3 (11. Nh4 Bc2 (11... Ne8 12. Nxf5 exf5 13. Qd3 Nd6 14. Bf4 Nf6 15. d5 $16 {
1-0 Barbero,G-Reyes,J/Corrientes 1985/EXT 2001 (42)}) (11... Bg4 12. h3 Bh5 13.
g4 Nd5 14. gxh5 Bxh4 15. e4 Nb4 16. Qe2 Kh8 17. d5 Qe7 18. Be3 exd5 19. exd5
Nxd5 20. Nxd5 cxd5 21. Bxd5 Bg5 $132 {1/2-1/2 Gorbatow,A-Keitlinghaus,L/
Pardubice 1996/CBM 55 ext (45)}) (11... Nb6 12. Qb3 Bg4 13. h3 Bh5 14. g4 Nfd5
15. gxh5 Bxh4 16. e4 Nb4 17. Be3 Kh8 18. Rad1 Qc7 19. f4 Rad8 20. f5 $36 {
1-0 Priehoda,V-Veselovsky,J/Tatranske Zruby SVK 2003(36)}) 12. e4 (12. Na2 Be4
13. Bxe4 Nxe4 14. Nf3 (14. Qd3 Nef6 15. b3 c5 $11 {0-1 Priehoda,V-Rogozenko,D/
Germany 1998/EXT 99 (28)}) 14... Qb6 $11 {1/2-1/2 Kahn,E-Acs,P/Budapest 1995/
CBM 50 ext (41)}) 12... Nb6 13. Qe2 Bb3 14. Qe3 Nc4 15. Qd3 Ne5 16. Qd2 Nc4 17.
Qd3 $15 {1/2-1/2 Uhlmann,W-Barczay,L/Szombathely 1966/EXT 2001 (55)}) (11. Qb3
Qb6 (11... Bb4 12. Bf4 Qe7 13. Rfd1 h6 14. Na2 Nd5 15. Nxb4 Nxf4 16. gxf4 Qxb4
$11 {1/2-1/2 Raupp,T-Solomunovic,I/GER 2002/EXT 2003 (47)}) 12. Qxb6 Nxb6 13.
Ne1 (13. Ne5 Bc2 (13... Nbd5 14. Bg5 Rfe8 15. Rac1 h6 16. Bxf6 Nxf6 17. Nxc6
bxc6 18. Bxc6 Rab8 19. Bxe8 Rxe8 20. Nb5 Rd8 21. Rc7 Nd5 22. Rc6 Bb4 23. Rfc1
Kh7 24. f3 Bd2 25. Rd1 Be3+ 26. Kg2 e5 $17 {0-1 Binder,J-Zerm,A/Dallas 1996/
EXT 99 (49)}) 14. Bd2 Nfd5 15. Rfc1 Nb4 16. Be4 Bxe4 17. Nxe4 Rfd8 $11 {
1/2-1/2 Wirthensohn,H-Somlai,L/Brno 1991/CBM 26 (31)}) 13... Bb4 14. f3 Rfd8
15. e4 Bg6 16. Nc2 Nfd7 17. Ne2 Bf8 18. b3 f6 $11 {0-1 Hansen,L-Lev,R/Arnhem
1987/EXT 97 (52)}) (11. Bg5 h6 12. Bxf6 Bxf6 13. e4 Bh7 14. Rad1 Qb6 15. Qe2
Rfe8 16. e5 Be7 17. Ne1 Rad8 18. Be4 Nf8 19. Bxh7+ Nxh7 20. Nf3 Rd7 21. h4 Red8
$11 {0-1 Basagic,Z-Zoebisch,H/Oberwart 1994/EXT 98 (45)}) (11. Bf4 Ne4 12. Qb3
Ra6 13. Qxb7 Rb6 14. Qc7 Rxb2 15. Qxc6 Rb6 16. Qc4 Rb4 17. Qc6 $11 {.. 1/2-1/2
Mijailovic,Z-Markus,R/Budva 2002/EXT 2003 (18)}) (11. Rd1 Qb6 12. Ne1 Qb4 13.
Qa2 e5 14. d5 cxd5 15. Nxd5 Nxd5 16. Qxd5 Rfd8 17. Nd3 Bxd3 18. exd3 Nc5 19.
Qxe5 Bf6 20. Qf5 Bd4 21. Be3 $44 {1/2-1/2 Granero Roca,A-Serna Lara,S/Albacete
2002/EXT 2003 (38)}) 11... Ne4 (11... Qb6 12. Qe2 (12. Nh4 Bc2 13. e4 Bb3 14.
Qd3 Rfd8 15. Nf3 e5 $17 {0-1 Jeremic,V-Blagojevic,D/Budva SCG 2003/(33)}) 12...
Qa6 {1/2-1/2 Kharlov,A-Georgiev,K/Istanbul TUR 2003/(12)}) 12. Rd1 {Kortschnoj:
'In some other games 12.Nd2 had been played, also with a slight edge to white.'
} (12. Nd2 Nd6 (12... Nxd2 13. Bxd2 Qb6 (13... Nb6 14. Qe2 Bg6 15. Rfd1 Nd5 16.
e4 Nb4 17. Be3 Bf6 18. Rd2 Re8 19. f4 $14 {0-1 Kharlov,A-Gustafsson,J/
playchess.com INT 2004/(52)}) 14. e4 Bg6 15. Be3 Qb4 16. Qe2 Nb6 17. Rfc1 Rfd8
18. h4 f6 19. d5 cxd5 20. exd5 Nxd5 21. Nxd5 exd5 22. Bd2 Qd6 23. Bf4 Qb4 24.
Rc7 $36 {1-0 Ippolito,D-Hanley,C/Witley 2001/CBM 83 ext (29)}) 13. Qe2 e5 14.
dxe5 Nxe5 15. e4 Be6 16. f4 Bg4 17. Nf3 Nxf3+ 18. Bxf3 Bxf3 19. Rxf3 Qb6+ 20.
Be3 Qa6 21. Qxa6 bxa6 22. Bc5 $16 {1/2-1/2 Gross,S-Priehoda,V/Stary Smokovec
1987/EXT 97 (61)}) 12... Nxc3 {Kortschnoj: '12...Qb6!? was a good alternative.'
} (12... Bb4 13. Bd2 Nb6 14. Qb3 Nd5 15. Nh4 Nxd2 16. Rxd2 Bg4 17. Nf3 $11 {
0-1 Kharlov,A-Kobalia,M/playchess.com INT 2004/(66)}) 13. bxc3 Be4 (13... Bc2
14. Rd2 Nb6 15. Qa2 Be4 (15... Bxa4 $140 16. c4 $16) 16. Rb2 Rb8 17. c4 $14)
14. Qe2 Qc7 15. Ba3 $1 {Kortschnoj: 'White is going to play c3-c4. But first
he needs to eliminate the bishop e7, that one, that would occupy the square b4.
'} Bxa3 16. Rxa3 $14 {White's hopes to gain an advantage are based on his
pressure on the "b7" P.} Rfb8 {Kortschnoj: 'Whatever happens, black is going
to fight to a space on the queen side, by pushing b7-b5.'} 17. c4 b5 $5 {
'!' Kortschnoj. This sac is enough to equalize.} (17... Rd8 18. c5 $14) 18.
axb5 cxb5 19. cxb5 Qb7 {Kortschnoj: 'Now after 20.Rb3 a4 and then Nd7-b6-d5
black will have excellent compensation for the pawn. So, in order to maintain
at least some advantage white uncovers another trick.'} 20. d5 {'!' Kortschnoj.
} (20. Rb3 a4 21. Rb4 Nf6 $44 {[%cal Yf6d5]}) 20... exd5 $2 (20... Bxd5 $1 {
Kortschnoj: 'would not work out:'} 21. Rda1 (21. e4 {'!' Kortschnoj.} Bxe4 22.
Rxd7 {Kortschnoj: Less painful is} Qxd7 (22... Bxf3 {Kortschnoj} 23. Rxb7 Bxe2
24. Rc7 Rc8 25. Rxa5 Rab8 26. b6 $18) 23. Qxe4 Qxb5 $17) (21. Ne1 Bxg2 22. Nxg2
Qxb5 23. Qxb5 Rxb5 24. Rxd7 Rb1+ $16) 21... Qxb5 22. Qxb5 Rxb5 23. Nd4 Rc5 24.
Nb3 $11) 21. Nd4 Bxg2 22. Kxg2 $14 Ne5 23. Ra2 Re8 24. Rda1 Nc4 25. Qf3 Re4 26.
h3 h6 27. Kh2 {Kortschnoj: 'White has a small edge, due to the presence of two
weak pawns in the black camp. But to convert this advantage into a win seems
hardly possible.'} Rae8 28. Rd1 a4 {'?!' Kortschnoj. Kortschnoj: 'It looks,
black is playing now for a win. But without a solid ground.'} 29. Rxa4 $1 {
[%mdl 32] '!?' Kortschnoj. White almost has to give the exchange away but his
passing pawn supported by a very strong N keeps him out of trouble. Kortschnoj:
'Now white is sacrificing an exchange! With his knight on d4 he is safe, but
his prospects will be even somewhat better.'} Nb2 30. Ra6 Nxd1 31. Qxd1 Rc8 ({
If not to play for a draw right away:} 31... Rxd4 {Kortschnoj} 32. Qxd4 Qxb5
33. Rd6 Qc4) ({, then} 31... Ra8 $1 {(Kortschnoj) was the right move:} 32. Rc6
Rc8 33. Rd6 Ree8 $1 {- the white rook had to be exchanged.}) 32. Qh5 Rxd4 $2 {
[%mdl 8192] Kortschnoj: 'It turns out to be a losing move.'} (32... Ra8 {
Kortschnoj} 33. Rd6 Rae8 {or immediate 33...Rce8 had to be played.}) 33. exd4
Qxb5 34. Rxh6 $1 $16 {/+- '!' Kortschnoj.} gxh6 35. Qg4+ Kh7 36. Qxc8 Qd3 37.
Qg4 Qc4 (37... Qc2 38. Qf4 Kg7 39. g4 $16) 38. Kg2 Kh8 39. Qf4 Kg7 40. Qe5+ Kh7
$2 (40... Kg8 41. g4 (41. Qf6 h5 42. h4 Kf8 $16) 41... Qc6 $16) 41. Qf6 Kg8 (
41... Qc7 42. Qf5+ $18) 42. g4 $22 {Kortschnoj: 'Zugzwang! Any next black move
loses a pawn!'} (42. g4 Qd3 43. Qd8+ Kg7 44. Qxd5 $18) 1-0

[Event "RUS-chT"]
[Site "Sochi"]
[Date "2004.04.25"]
[Round "6.5"]
[White "Kharlov, Andrei"]
[Black "Belov, Vladimir"]
[Result "1/2-1/2"]
[WhiteElo "2593"]
[BlackElo "2543"]
[Annotator "Dautov"]
[PlyCount "59"]
[EventDate "2004.04.20"]
[EventType "team"]
[EventRounds "9"]
[EventCountry "RUS"]
[SourceTitle "CBM 101"]
[Source "ChessBase"]
[SourceDate "2004.07.27"]
[SourceVersion "1"]
[SourceVersionDate "2004.07.27"]
[SourceQuality "1"]
[WhiteTeam "04"]
[BlackTeam "06"]
[WhiteTeamCountry "RUS"]
[BlackTeamCountry "RUS"]

1. c4 Nf6 (1... c6 2. e4 d5 3. exd5 cxd5 4. d4 Nf6 5. Nc3 e6 6. Nf3 Nc6 7. a3 (
7. c5 $1)) 2. Nc3 c5 3. Nf3 e6 4. e3 d5 5. d4 Nc6 6. a3 cxd4 7. exd4 Ne4 {
Mit Zugumstellung ist eine Stellung aus dem Panov-Angriff entstanden, wobei
der Zug a2-a3 für Weiß nicht der beste ist (vgl. 1...c6).} (7... Be7 8. c5 Ne4
9. Qc2) 8. Qc2 Nxc3 9. Qxc3 Be7 10. c5 a5 $1 {Schwarz bremst den gegnerischen
b-Bauern und plant u. U. a5-a4. Die anderen Fortsetzungen versprechen dem
Nachziehenden kein leichtes Leben.} (10... b6 11. Bb5 Bd7 12. Bxc6 Bxc6 13. Ne5
Rc8 14. b4 bxc5 15. dxc5 Ba8 16. Qg3 O-O 17. O-O $14 {Rashkovsky,N-Ernst,T/
Gausdal 1993}) (10... O-O 11. b4 a6 12. Be3 Bf6 13. Bd3 $14 {Vaganian,
R-Donchenko,O/Dubna 1973}) 11. Rb1 $6 $146 {In seinem Bestreben, b2-b4
durchzusetzen, vernachlässigt Weiß seine Entwicklung und erlaubt dem Gegner
einen Zentrumsvorstoß. Am besten scheint hier 11.Bb5! zu sein, dennoch kann
Weiß keinen Eröffnungsvorteil erwarten.} (11. b3 O-O 12. Bb5 Bd7 13. O-O b6 14.
Bxc6 Bxc6 15. b4 axb4 16. axb4 Rxa1 17. Qxa1 bxc5 18. bxc5 f6 19. Be3 Qd7 $11 {
Ivkov,B-Suba,M/Sochi 1983}) (11. Bb5 $1 Bd7 12. O-O O-O 13. Bf4 a4 $1 14. b4
axb3 15. Qxb3 Na5 16. Qd3 Nc4 17. a4 Re8 18. Qb3 Bc6 19. Ne5 Nxe5 20. Bxe5 Qd7
21. Rab1 f6 22. Bf4 e5 $11 {Mikhalchishin,A-Farago,I/Bled 2001}) 11... O-O (
11... a4 $5) 12. b4 axb4 13. axb4 e5 $1 14. Nxe5 (14. dxe5 Bf5 (14... Bg4 $5) (
14... f6 $5) 15. Bd3 d4 16. Qc2 Bxd3 17. Qxd3 Qd5 $11) 14... Nxe5 15. dxe5 Bf5
$1 {Schwarz gewinnt forciert den Bauern zurück.} (15... f6 $6 16. e6 $1 Bxe6
17. Bd3 d4 18. Qc2 $14) 16. Bd3 (16. Ra1 $6 Rxa1 17. Qxa1 b6 $36) 16... d4 17.
Qb3 Bxd3 18. Qxd3 Qd5 19. O-O Qxe5 20. Bb2 Bf6 $11 {Die Stellung ist
ausgeglichen, und die Balance bleibt bis zum Schluß der Partie ungestört.} 21.
Qf3 (21. Rfe1 Qd5 22. Rbd1 Rfe8 $11) 21... Rfd8 22. Qxb7 Rab8 23. Qc6 Rxb4 24.
Rbe1 Qb8 25. Ba1 Rc4 26. Rc1 Rxc1 27. Rxc1 d3 28. Bxf6 d2 29. Rd1 Qb3 30. Qf3
1/2-1/2

[Event "RUS-ch qual 57th"]
[Site "Tomsk"]
[Date "2004.05.23"]
[Round "1"]
[White "Kharlov, Andrei"]
[Black "Khairullin, Ildar"]
[Result "1-0"]
[WhiteElo "2593"]
[BlackElo "2481"]
[PlyCount "85"]
[EventDate "2004.05.23"]
[EventType "swiss"]
[EventRounds "9"]
[EventCountry "RUS"]
[SourceTitle "CBM 102"]
[Source "ChessBase"]
[SourceDate "2004.09.23"]
[SourceVersion "1"]
[SourceVersionDate "2004.09.23"]
[SourceQuality "1"]

1. e4 c5 2. Nf3 Nc6 3. d4 cxd4 4. Nxd4 Nf6 5. Nc3 e5 6. Ndb5 d6 7. Bg5 a6 8.
Na3 b5 9. Nd5 Be7 10. Nxe7 Nxe7 11. Bxf6 gxf6 12. c4 Bb7 13. Bd3 Rg8 14. cxb5
Rxg2 15. bxa6 Bxa6 16. Bxa6 Rxa6 17. Qd3 Rc6 18. Nc4 Qc7 19. Ne3 Rg8 20. a4 Kd7
21. b4 Rb8 22. b5 Rc3 23. Qd2 Qc5 24. O-O Qb4 25. Rfb1 Rg8+ 26. Kf1 Qc5 27. Rc1
Rxc1+ 28. Rxc1 Qa3 29. Qc3 Qxa4 30. Qc7+ Ke6 31. Nc4 Nc8 32. b6 Qb3 33. Ke2
Qa2+ 34. Ke3 Qb3+ 35. Kd2 Qb4+ 36. Ke2 Qc5 37. Qxc5 dxc5 38. Rd1 Ke7 39. b7 Na7
40. Na5 Ke6 41. Rb1 Rb8 42. Rb6+ Kd7 43. Rxf6 1-0

[Event "RUS-ch qual 57th"]
[Site "Tomsk"]
[Date "2004.05.26"]
[Round "4"]
[White "Kornev, Alexei"]
[Black "Kharlov, Andrei"]
[Result "1/2-1/2"]
[WhiteElo "2582"]
[BlackElo "2593"]
[PlyCount "78"]
[EventDate "2004.05.23"]
[EventType "swiss"]
[EventRounds "9"]
[EventCountry "RUS"]
[SourceTitle "CBM 102"]
[Source "ChessBase"]
[SourceDate "2004.09.23"]
[SourceVersion "1"]
[SourceVersionDate "2004.09.23"]
[SourceQuality "1"]

1. e4 c5 2. Nf3 Nc6 3. Bb5 d6 4. O-O Bd7 5. Re1 Nf6 6. c3 a6 7. Bf1 Bg4 8. d4
cxd4 9. cxd4 d5 10. e5 Ng8 11. e6 Bxe6 12. Qb3 Bc8 13. Nc3 Nf6 14. Bg5 Na5 15.
Qa4+ Bd7 16. Qd1 Bg4 17. h3 Bxf3 18. Qxf3 e6 19. Bxf6 Qxf6 20. Qxd5 Bb4 21. Qe4
O-O 22. Re3 Rac8 23. Rd1 Bxc3 24. bxc3 Rc7 25. Rf3 Qe7 26. Qe5 Nc6 27. Qf4 Rd8
28. Re1 Qd6 29. Qh4 Ne7 30. Qh5 Ng6 31. Qa5 Rdc8 32. Rg3 Rc6 33. Rb1 Qc7 34.
Qxc7 R6xc7 35. c4 Rd8 36. Rgb3 Rdd7 37. d5 exd5 38. cxd5 b5 39. a4 Rxd5 1/2-1/2

[Event "RUS-ch qual 57th"]
[Site "Tomsk"]
[Date "2004.05.27"]
[Round "5"]
[White "Kharlov, Andrei"]
[Black "Gajsin, Evgenij"]
[Result "1-0"]
[WhiteElo "2593"]
[BlackElo "2404"]
[PlyCount "79"]
[EventDate "2004.05.23"]
[EventType "swiss"]
[EventRounds "9"]
[EventCountry "RUS"]
[SourceTitle "CBM 102"]
[Source "ChessBase"]
[SourceDate "2004.09.23"]
[SourceVersion "1"]
[SourceVersionDate "2004.09.23"]
[SourceQuality "1"]

1. d4 Nf6 2. c4 g6 3. Nf3 Bg7 4. g3 d5 5. Bg2 O-O 6. O-O dxc4 7. Na3 c3 8. bxc3
c5 9. e3 Nc6 10. Bb2 Qa5 11. Qe2 Bf5 12. Nd2 cxd4 13. cxd4 Rac8 14. Nb3 Qb4 15.
Rfc1 Be4 16. f3 Bd5 17. Nc5 Rfd8 18. Qf2 b6 19. Nd3 Qa4 20. Bf1 Nb4 21. Ne5
Nxa2 22. Rxc8 Rxc8 23. e4 Bb3 24. Bb5 Qb4 25. Nc6 Rxc6 26. Bxc6 e6 27. Nb1 Bc4
28. Qd2 Qd6 29. Ba4 Qb4 30. Qxb4 Nxb4 31. Nd2 Bd3 32. Rc1 Bh6 33. Rc8+ Kg7 34.
f4 g5 35. d5 Ba6 36. dxe6 fxe6 37. Rc7+ Kg6 38. Nf3 Nxe4 39. Ne5+ Kf5 40. Rf7+
1-0

[Event "RUS-ch qual 57th"]
[Site "Tomsk"]
[Date "2004.05.29"]
[Round "7"]
[White "Kharlov, Andrei"]
[Black "Belozerov, Andrei"]
[Result "1/2-1/2"]
[WhiteElo "2593"]
[BlackElo "2552"]
[PlyCount "205"]
[EventDate "2004.05.23"]
[EventType "swiss"]
[EventRounds "9"]
[EventCountry "RUS"]
[SourceTitle "CBM 102"]
[Source "ChessBase"]
[SourceDate "2004.09.23"]
[SourceVersion "1"]
[SourceVersionDate "2004.09.23"]
[SourceQuality "1"]

1. d4 d5 2. c4 e6 3. Nc3 Be7 4. cxd5 exd5 5. Bf4 Nf6 6. e3 O-O 7. Nf3 Bf5 8.
Qb3 Nc6 9. a3 Na5 10. Qa2 Be6 11. Ng5 Nh5 12. Nxe6 fxe6 13. Bg3 c5 14. dxc5
Bxc5 15. Be2 Qf6 16. Nd1 Nxg3 17. hxg3 Bb6 18. Rc1 Nc6 19. b4 Rad8 20. Qb1 g6
21. O-O d4 22. b5 Ne5 23. exd4 Bxd4 24. Rc7 Rd7 25. Rxd7 Nxd7 26. Bf3 Nc5 27.
Re1 Qf5 28. Qa2 Qd3 29. a4 Kg7 30. Ne3 Qc3 31. Qe2 Rf7 32. Ng4 e5 33. Bd5 Rd7
34. Ba2 Qxg3 35. Nxe5 Re7 36. Qd2 Qc3 37. Nf3 Rxe1+ 38. Qxe1 Qxe1+ 39. Nxe1
Nxa4 40. Nd3 Nc3 41. Bc4 Ne4 42. Bd5 Nd6 43. g4 Nxb5 44. Bxb7 a5 45. Bc6 Nc3
46. Nf4 Ba7 47. Kg2 Nd1 48. Nd3 Kf6 49. f4 Nc3 50. Nb2 Ne2 51. Nc4 Nxf4+ 52.
Kg3 Kg5 53. Nxa5 Nd3 54. Nc4 Bb8+ 55. Kf3 Ne1+ 56. Kf2 Nc2 57. Bd7 Kf4 58. Kg2
Ne1+ 59. Kf2 Nf3 60. Kg2 Ne1+ 61. Kf2 Nd3+ 62. Kg2 Bc7 63. Bc8 Bd8 64. Bd7 Bh4
65. Nb6 Bd8 66. Nc4 Bf6 67. Bc8 Bd4 68. Nd2 Ne1+ 69. Kh3 Bc3 70. Nf1 Nf3 71.
Nh2 Ng5+ 72. Kg2 Bb4 73. Nf1 Ne4 74. Nh2 Nf6 75. Be6 Bd6 76. Bc8 Nd5 77. Nf1
Be5 78. Be6 Nf6 79. Nh2 Bc3 80. Kh3 Bd2 81. Kg2 Ba5 82. Kh3 Ne4 83. Kg2 Ng5 84.
Bd5 Ne4 85. Bg8 Nf6 86. Be6 Bb4 87. Kh3 Bf8 88. Kg2 Bh6 89. Kh3 Bg5 90. Kg2 Bh4
91. Nf3 Bg5 92. Ng1 Ke5 93. Bc8 Be3 94. Ne2 Bc5 95. Kf3 Ne4 96. Bb7 Ng5+ 97.
Kg2 Be3 98. Ba8 Bb6 99. Bb7 Nf7 100. Bf3 Nd6 101. Bc6 Nc4 102. Bb5 Ne3+ 103.
Kf3 1/2-1/2

[Event "RUS-ch qual 57th"]
[Site "Tomsk"]
[Date "2004.05.30"]
[Round "8"]
[White "Kosyrev, Vladimir"]
[Black "Kharlov, Andrei"]
[Result "1/2-1/2"]
[WhiteElo "2529"]
[BlackElo "2593"]
[PlyCount "20"]
[EventDate "2004.05.23"]
[EventType "swiss"]
[EventRounds "9"]
[EventCountry "RUS"]
[SourceTitle "CBM 102"]
[Source "ChessBase"]
[SourceDate "2004.09.23"]
[SourceVersion "1"]
[SourceVersionDate "2004.09.23"]
[SourceQuality "1"]

1. d4 d5 2. c4 dxc4 3. e3 e6 4. Bxc4 a6 5. a4 c5 6. Nf3 Nf6 7. O-O Nc6 8. Qe2
cxd4 9. Rd1 Be7 10. exd4 O-O 1/2-1/2

[Event "FIDE-Wch k.o."]
[Site "Tripoli"]
[Date "2004.06.19"]
[Round "1.1"]
[White "Kharlov, Andrei"]
[Black "Dautov, Rustem"]
[Result "1/2-1/2"]
[WhiteElo "2593"]
[BlackElo "2616"]
[Annotator "Dautov"]
[PlyCount "95"]
[EventDate "2004.06.19"]
[EventType "k.o."]
[EventRounds "7"]
[EventCountry "LBY"]
[SourceTitle "CBM 102"]
[Source "ChessBase"]
[SourceDate "2004.09.23"]
[SourceVersion "1"]
[SourceVersionDate "2004.09.23"]
[SourceQuality "1"]

1. e4 c6 2. d4 d5 3. exd5 cxd5 4. c4 Nf6 5. Nc3 e6 6. Nf3 Bb4 7. Bd3 dxc4 8.
Bxc4 O-O 9. O-O b6 10. Bg5 Bb7 11. Qe2 Nbd7 12. Ne5 Bxc3 13. bxc3 Qc7 14. Nxd7
Nxd7 15. Rac1 Qc6 {Eine bekannte theoretische Stellung.} 16. f4 $1 $146 {
Eine neue und interessante Idee. Weiß plant den Vorstoß f4-f5. Bisher nahm man
an, dass Weiß sein Spiel im Zentrum bzw. auf dem Damenflügel suchen sollte.} (
16. f3 Rac8 17. Bd3 Qd6 18. Rfd1 Rfe8 19. Bh4 (19. Qd2 Nf8 20. Bf4 Qd7 21. Be3
b5 22. Qe2 Bc6 23. Rb1 Rb8 $11 {Radjabov,T-Gelfand,B/Leon 2001}) (19. Qe3 Nf8
20. Bb5 Bc6 21. Ba6 Ra8 22. c4 Ng6 $11 {1/2-1/2 Johannessen,L-Nielsen,P/Malmo
2002}) 19... Qa3 20. Qc2 (20. c4 $5) 20... Nf8 21. Qb3 Qa5 22. Bb5 Bc6 23. a4
a6 24. Bxc6 Rxc6 25. d5 exd5 26. Rxd5 Rc5 $11 {Babula,V-Nielsen,P/Germany 2002}
) 16... Rac8 {Nach reichlichem Nachdenken beschloss ich, dass die offene
Diagonale a8-h1 und die Schwäche des Punktes e4 für den Plan mit f7-f5 und
Nd7-f6 sprechen. Weniger gefiel mir 16...Rfc8 nebst Nd7-f8.} (16... Rfc8 17.
Bb5 Qd5 (17... Qd6 18. f5 exf5 19. Rxf5 Nf8 20. Bc4 Ne6 21. Rcf1 $40) 18. Rfd1
(18. Rf2 $5 Nf8 19. Bd3 $14 {/\f5}) 18... Nf8 19. c4 Qf5 20. c5 Qd5 21. Be7 Ng6
22. Bd6 $14) 17. Bd3 Qd5 {/\Rc3} 18. Rf2 f5 {Alternativ könnte Schwarz mit 19..
.Rc7 seinen Druck auf den Bauern c3 verstärken.} (18... Rc7 19. Qe3 Rfc8 (19...
b5 $6 20. f5 $1 exf5 21. Qg3 Rfc8 22. Bxf5 (22. Rxf5 Qxa2 23. Rxb5 Ba6 24. Bb1
Qa3 25. Rd5 $16) 22... b4 23. Bd2 bxc3 24. Bf4 $16) 20. c4 Qd6 21. Bh4 $14) (
18... Qd6 19. f5 e5 20. f6 $40) 19. Qe3 Nf6 20. Bxf6 Rxf6 21. c4 Qd6 $6 ({
Genauer war} 21... Qd7 22. c5 Rg6) 22. c5 Qd7 23. Rfc2 (23. Rb2 $1 Rg6 24. Qe5
Qd5 25. Qxd5 Bxd5 26. g3 $14) 23... Rg6 {Weiß steht besser, aber sein König
ist anfällig. Solange Schwarz zu dem Abtausch bxc5 dxc5 nicht gezwungen wird,
hält sich sein Nachteil in Grenzen.} 24. Qe5 $6 {Erlaubt mir einen forcierten
Ausgleich. Vorzuziehen war wie bereits im letzten Zug 24.Rb2.} (24. Bf1 Be4 25.
Rb2 h6 26. Rc3 Rd8 $132 (26... bxc5 $6 27. dxc5 $14 {/\Rd2})) (24. Rb2 $1 $14)
24... bxc5 25. Bf1 $1 Be4 $1 $11 (25... Rd8 26. dxc5 $14) 26. Rxc5 Rxc5 27.
Qxc5 (27. Rxc5 h6 $11) (27. dxc5 $2 Qd2 28. Qb8+ $11) 27... Rf6 $1 {Der
schwarze Turm eilt zum Damenflügel, und er kommt rechtzeitig.} 28. Bb5 (28.
Qc8+ Qxc8 29. Rxc8+ Rf8 30. Bc4 Bd5 31. Bxd5 exd5 32. Rc5 Rb8 33. Rxd5 Rb1+ 34.
Kf2 Rb2+ 35. Kf3 Rxa2 36. Rxf5 Rd2 $11 {führt zu einem remislichen
Turmendspiel.}) (28. Qe5 Bd5 29. Rc7 Qa4 $11) 28... Qb7 29. Bc6 (29. Qc8+ Qxc8
30. Rxc8+ Rf8 31. Rc7 Rb8 $11) (29. a4 Bd5 (29... Rf8 $2 30. Qe5 $1 {/\Rc7})
30. Qd6 Rf7 $11) 29... Bxc6 ({Einfacher war} 29... Qb2 $1 30. Bxe4 fxe4 31.
Qc8+ Kf7 $11 (31... Rf8 32. Qxe6+ Kh8 33. Rd1 Qe2 $11)) 30. Qxc6 Qe7 31. d5 e5
(31... exd5 32. Qxd5+ Kh8 33. Rc8+ (33. Qe5 Qd8 34. Rb1 Rf8 $11) 33... Rf8 34.
Qe5 Qb4 $11) 32. Qc4 Rd6 $1 33. Qc8+ (33. fxe5 Qxe5 34. Qc8+ Kf7 $11) 33... Rd8
34. Qxf5 exf4 35. Qe6+ Qxe6 36. dxe6 Re8 37. Rc6 g5 38. Kf2 Kg7 39. Rc7+ Kg6
40. e7 a5 41. Kf3 Kf5 42. Rc5+ Kf6 43. Kg4 h5+ 44. Kxh5 Rxe7 45. Rxg5 Re2 46.
Rg4 f3 47. Rf4+ Ke5 48. Rxf3 1/2-1/2